Growth in holiness; or, the progress of the spiritual life. (Record no. 2089)

000 -LEADER
fixed length control field 00537nam a2200169 a 4500
001 - CONTROL NUMBER
control field :::00019085$&:&@@
003 - CONTROL NUMBER IDENTIFIER
control field OkBaRHE
005 - DATE AND TIME OF LATEST TRANSACTION
control field 20100327145339.0
008 - FIXED-LENGTH DATA ELEMENTS--GENERAL INFORMATION
fixed length control field j 000 0 eng u
040 ## - CATALOGING SOURCE
Transcribing agency
100 1# - MAIN ENTRY--PERSONAL NAME
Personal name Faber, Federick William, (1814-1863)
245 10 - TITLE STATEMENT
Title Growth in holiness; or, the progress of the spiritual life.
260 ## - PUBLICATION, DISTRIBUTION, ETC. (IMPRINT)
Place of publication, distribution, etc Baltimore, MD
Name of publisher, distributor, etc John Murphy Company
300 ## - PHYSICAL DESCRIPTION
Extent 494 p.
942 ## - ADDED ENTRY ELEMENTS (KOHA)
Source of classification or shelving scheme
Koha item type Books
Copies
Withdrawn status Full call number Copy number Date last seen Lost status Not for loan Damaged status Source of classification or shelving scheme Permanent Location Shelving location Collection code Price effective from Date acquired Koha item type Barcode
 BX 2350 .F3312010-04-14    RHEMA Bible Training CollegeGeneral StacksReference2010-04-142010-04-14Books19085